| 000 | 00454nam a2200181Ia 4500 | ||
|---|---|---|---|
| 003 | GCL | ||
| 008 | 140319s9999 xx 000 0 eng d | ||
| 040 |
_aGCL / _cGCL |
||
| 082 | 0 | 4 |
_a958.409 _bG H |
| 100 | 1 | _aGOYAL, R. C. | |
| 245 | 1 | 0 |
_aHANDBOOK OF HOSPITAL PERSONNEL MANAGEMENT / _cGOYAL, R. C. |
| 260 |
_a[S.N] : _bPERNTICE HELL ، _c1994 |
||
| 300 | _a294 | ||
| 650 | 0 | 4 | _aMANAGEMENT |
| 650 | 0 | 4 | _aINDIA |
| 650 | 0 | 4 | _aHOSPITALS |
| 942 |
_2ddc _cBK |
||
| 999 |
_c10455 _d10455 |
||